000 01130cam a22003377a 4500
003 CHAP
005 20220817042812.0
008 971013s1983 r 00010 d
010 _a56129
011 _a57101
035 _a61254
040 _cCHAP
082 _a146.3
_bS24Y 1983
100 0 0 _aSchmidt, Alfred.
_9103045
245 1 3 _aEl concepto de naturaleza en Marx
250 _a4 ed.
260 _aMéxico :
_bSiglo veintiuno,
_c1983
300 _a244 p.
490 0 _aBiblioteca del Pensamiento Socialista.
_pSerie ensayos críticos
590 _aBATCH-UPD
_b10
_c20130110
_lUCH01
_h0439
590 _aBATCH-UPD
_b10
_c20130410
_lUCH01
_h0114
590 _aBATCH-UPD
_b10
_c20130914
_lUCH01
_h1407
590 _aCONVERSION
_b10
_c20130109
_lUCH01
_h1330
650 1 4 _aFilosofía de la naturaleza.
_940902
650 1 4 _aMarxismo.
_972728
830 0 _aBiblioteca del Pensamiento Socialista.
_pSerie ensayos críticos
901 _aBK
942 _cLIBRO
949 _a146.3 S24Y 1983
_bBC
_cLIBRO
_d33724000227682
_eLIBRO
_h66385
_i61254
_si
949 _a146.3 S24Y 1983
_bBC
_cLIBRO
_d33724000227807
_eLIBRO
_fc.2
_h65916
_i61254
_si
999 _c56129
_d56129